| 000 | 00736cab a22001935a 4500 | ||
|---|---|---|---|
| 001 | L156400 | ||
| 008 | 120517e20120425xxk f 000 0 eng d | ||
| 035 | _a(Sirsi) u156400 | ||
| 041 | 0 | _aeng | |
| 100 | 1 | _aWright, Emily | |
| 245 | 0 | 4 | _aThe state of play |
| 260 | _c2012 | ||
| 490 | 0 |
_aBuilding _v277(8727) 11 May 2012, 30-35(6) |
|
| 520 | _aExamines the health of the construction industry sector by sector; overview; crisis points; major contractors; SMEs; opportunities in infrastructure, health, education and commercial; clients' requirements, views from 3 company CEOs; economic overview of the double-dip recession. | ||
| 590 | _aKA | ||
| 651 | 4 |
_aUnited Kingdom _y |
|
| 690 |
_aConstruction management _96230 |
||
| 942 | _n0 | ||
| 999 |
_c83993 _d83993 |
||